Circle the Drain - Katy Perry (Lyrics) - Statistics

General Stats
  • This quiz has been taken 7 times
  • The average score is 266 of 377
Answer Stats
Answer % Correct
"
100%
a
100%
A
100%
And
100%
and
100%
be
100%
been
100%
Can't
100%
circle
100%
down
100%
(down)
100%
down,
100%
down"
100%
drain
100%
drain,
100%
I
100%
love
100%
'n'
100%
the
100%
you
100%
You
100%
addiction
67%
After
67%
around
67%
around)
67%
asleep
67%
bank
67%
(bank,
67%
bank,
67%
bank)
67%
('brate,
67%
'brate,
67%
'brate)
67%
break
67%
But
67%
'Cause
67%
celebrate
67%
could
67%
could've
67%
Could've
67%
during
67%
even
67%
every
67%
exception
67%
fall
67%
for
67%
forté
67%
forte
67%
fuckin'
67%
get
67%
go
67%
gonna
67%
greatest
67%
had
67%
Had
67%
have
67%
holiday
67%
hundred
67%
I'd
67%
If
67%
I'm
67%
(I'm
67%
it
67%
It's
67%
last
67%
line,
67%
mother
67%
nickel
67%
not
67%
Nothin'
67%
own
67%
pills
67%
power
67%
rather
67%
really
67%
reasons
67%
rewrite
67%
savior,
67%
say
67%
stay
67%
stickin'
67%
take
67%
that
67%
"This
67%
Thought
67%
time,
67%
time
67%
to
67%
To
67%
try
67%
Wanna
67%
was
67%
wasted
67%
watch
67%
Watch
67%
what
67%
why
67%
your
67%
you're
67%
You're
67%
You've
67%
are
33%
at
33%
become
33%
despise
33%
don't
33%
foreplay
33%
give
33%
helps
33%
is
33%
joke
33%
just
33%
lover,
33%
more
33%
night
33%
rhymes
33%
rock
33%
roll
33%
sleep
33%
so
33%
stereotype-type-type-type
33%
Whatever
33%
write
33%
you'd
33%
changed
0%
choked
0%
fate
0%
goin'
0%
hands
0%
in
0%
me
0%
morning
0%
my
0%
of
0%
(oh-oh)
0%
palm
0%
remember
0%
Should've
0%
teammate
0%
think
0%
won't
0%
world
0%
No matching quizzes found
Score Distribution
Percent of People with Each Score
Percentile by Number Answered
Your Score History
You have not taken this quiz